Colombia. (Record no. 51628)
[ view plain ]
| 000 -LEADER | |
|---|---|
| fixed length control field | 00751cam a22002291 4500 |
| 001 - CONTROL NUMBER | |
| control field | pa 68000101 |
| 003 - CONTROL NUMBER IDENTIFIER | |
| control field | DLC |
| 005 - DATE AND TIME OF LATEST TRANSACTION | |
| control field | 20260227111857.0 |
| 008 - FIXED-LENGTH DATA ELEMENTS--GENERAL INFORMATION | |
| fixed length control field | 710901s1962 dcuab bs 000 0 eng c |
| 010 ## - LIBRARY OF CONGRESS CONTROL NUMBER | |
| LC control number | pa 68000101 |
| 040 ## - CATALOGING SOURCE | |
| Original cataloging agency | Pan American Union. Library |
| Transcribing agency | DLC |
| Modifying agency | DLC |
| 043 ## - GEOGRAPHIC AREA CODE | |
| Geographic area code | s-ck--- |
| 100 1# - MAIN ENTRY--PERSONAL NAME | |
| Personal name | Arciniegas, Germán, |
| Dates associated with a name | 1900-1999. |
| 245 00 - TITLE STATEMENT | |
| Title | Colombia. |
| 260 ## - PUBLICATION, DISTRIBUTION, ETC. | |
| Place of publication, distribution, etc. | [Washington, |
| Name of publisher, distributor, etc. | Unión Panamericana, |
| Date of publication, distribution, etc. | 1962] |
| 300 ## - PHYSICAL DESCRIPTION | |
| Extent | 91 p. |
| Other physical details | illus., maps. |
| Dimensions | 19 cm. |
| 500 ## - GENERAL NOTE | |
| General note | Issued by the Editorial Division, Dept. of Public Information. |
| 504 ## - BIBLIOGRAPHY, ETC. NOTE | |
| Bibliography, etc. note | "Bibliografia sumaria": p. 89-91. |
| 651 #0 - SUBJECT ADDED ENTRY--GEOGRAPHIC NAME | |
| Geographic name | Colombia |
| General subdivision | Description and travel. |
| 651 #0 - SUBJECT ADDED ENTRY--GEOGRAPHIC NAME | |
| Geographic name | Colombia |
| General subdivision | Statistics. |
| 710 2# - ADDED ENTRY--CORPORATE NAME | |
| Corporate name or jurisdiction name as entry element | Pan American Union. |
| Subordinate unit | Department of Public Information. |
No items available.